O využití frazeodidaktiky v aplikovaných jazykoch

Venovanie sa otázkam výučby frazeológie v cudzom (francúzskom) jazyku.

Gespeichert in:
Bibliographische Detailangaben
1. Verfasser: Rizeková, Iveta, 1961-
Format: Buchkapitel
Sprache:Slowakisch
Schlagworte:
Tags: Tag hinzufügen
Keine Tags, Fügen Sie das erste Tag hinzu!

MARC

LEADER 00000naa a2200000 4500
001 0306123
005 20250113130916.5
041 0 |a slo 
044 |a SK 
245 1 0 |a O využití frazeodidaktiky v aplikovaných jazykoch  |c Iveta Rizeková 
520 |a Venovanie sa otázkam výučby frazeológie v cudzom (francúzskom) jazyku. 
610 2 0 |a frazeológia 
610 2 0 |a didaktika 
610 2 0 |a vyučovanie 
610 2 0 |a jazyky cudzie 
610 2 0 |a francúzština 
610 2 0 |a filológia 
100 1 |a Rizeková, Iveta, 1961-